CAD for fashion design and merchandising / (Record no. 257410)
[ view plain ]
| 000 -LEADER | |
|---|---|
| fixed length control field | 00811nam a22002417a 4500 |
| 003 - CONTROL NUMBER IDENTIFIER | |
| control field | OSt |
| 005 - DATE AND TIME OF LATEST TRANSACTION | |
| control field | 20250117122259.0 |
| 008 - FIXED-LENGTH DATA ELEMENTS--GENERAL INFORMATION | |
| fixed length control field | 181108b xxu||||| |||| 00| 0 eng d |
| 010 ## - LIBRARY OF CONGRESS CONTROL NUMBER | |
| LC control number | 2013454614 |
| 020 ## - INTERNATIONAL STANDARD BOOK NUMBER | |
| International Standard Book Number | 9781609010638 |
| 040 ## - CATALOGING SOURCE | |
| Original cataloging agency | DLC |
| Language of cataloging | eng |
| Transcribing agency | DLC |
| Modifying agency | RU |
| Description conventions | rda |
| 050 ## - LIBRARY OF CONGRESS CALL NUMBER | |
| Classification number | TT507 |
| Item number | .S65 2013 |
| 100 ## - MAIN ENTRY--PERSONAL NAME | |
| Personal name | Smith, Stacy Stewart. |
| 245 ## - TITLE STATEMENT | |
| Title | CAD for fashion design and merchandising / |
| Statement of responsibility, etc | Stacy Stewart Smith. |
| 246 ## - VARYING FORM OF TITLE | |
| Title proper/short title | Computer aided design for fashion design and merchandising |
| 260 ## - PUBLICATION, DISTRIBUTION, ETC. (IMPRINT) | |
| Place of publication, distribution, etc | New York : |
| Name of publisher, distributor, etc | Fairchild Books, |
| Date of publication, distribution, etc | 2013 |
| 300 ## - PHYSICAL DESCRIPTION | |
| Extent | xxxiv, 557 pages : |
| Other physical details | color illustrations ; |
| Dimensions | 31 cm + |
| Accompanying material | 2 computer discs (4 3/4 in.) |
| 500 ## - GENERAL NOTE | |
| General note | includes index |
| 650 ## - SUBJECT ADDED ENTRY--TOPICAL TERM | |
| Topical term or geographic name as entry element | Fashion design. |
| Topical term or geographic name as entry element | Fashion merchandising. |
| Topical term or geographic name as entry element | CAD/CAM systems |
| Form subdivision | Software. |
| 942 ## - ADDED ENTRY ELEMENTS (KOHA) | |
| Source of classification or shelving scheme | Library of Congress Classification |
| Koha item type | Long Loan Books |
| Withdrawn status | Lost status | Source of classification or shelving scheme | Damaged status | Not for loan | Collection code | Home library | Current library | Shelving location | Date acquired | Total Checkouts | Full call number | Barcode | Date last seen | Date checked out | Price effective from | Koha item type |
|---|---|---|---|---|---|---|---|---|---|---|---|---|---|---|---|---|
| Library of Congress Classification | Non-fiction | Rongo University Library | Rongo University Library | General Stacks | 08/11/2018 | 2 | TT507 .S65 2013 | 201700624 | 07/01/2019 | 20/12/2018 | 08/11/2018 | Long Loan Books |
